El amo del mundo
Novela distópica y futurista que narra cómo el mundo acaba en un nuevo orden mundial y se dicta una nueva religión que da caza a las demás religiones ahora casi extintas, en especial, la católica. Trabaja temas filosóficos como religiosos, girando entorno a la idea del anticristo como líder supremo...
Zapisane w:
| 1. autor: | |
|---|---|
| Format: | Książka |
| Język: | Undetermined |
| Wydane: |
Barcelona, España
Gustavo Gili
1909
|
| Hasła przedmiotowe: | |
| Etykiety: |
Dodaj etykietę
Nie ma etykietki, Dołącz pierwszą etykiete!
|
MARC
| LEADER | 00000nam a2200000Ia 4500 | ||
|---|---|---|---|
| 008 | 170316s9999 xx 000 0 und d | ||
| 040 | |a cru BVZT | ||
| 090 | |a 820 B-12a | ||
| 100 | |a Benson, Roberto Hugo, Pbro. | ||
| 245 | |a El amo del mundo | ||
| 260 | |a Barcelona, España | ||
| 260 | |b Gustavo Gili | ||
| 260 | |c 1909 | ||
| 300 | |a 434 páginas | ||
| 520 | |a Novela distópica y futurista que narra cómo el mundo acaba en un nuevo orden mundial y se dicta una nueva religión que da caza a las demás religiones ahora casi extintas, en especial, la católica. Trabaja temas filosóficos como religiosos, girando entorno a la idea del anticristo como líder supremo y la pérdida de la fe. | ||
| 650 | |a LITERATURA INGLESA |9 12 | ||
| 999 | |c 6714 |d 6714 | ||
| 942 | |c 15 D |h 820 B-12a |2 z | ||
